| 000 | 00816cab a2200253 4500 | ||
|---|---|---|---|
| 001 | X92510 | ||
| 008 | 090401t1998 xxu||||| |||| 00| 0 eng d | ||
| 035 | _a(Sirsi) u87035 | ||
| 041 | _aeng | ||
| 245 | _aDamage to property | ||
| 260 | _c1998 | ||
| 350 | _a0 | ||
| 490 |
_aEstates Gazette Case Summaries _v[1998] EGCS 93 (20/6/98) |
||
| 520 | _a"Blue Circle Cement plc v Ministry of Defence" CA 10 June 1998. Pollution of land - Prospective purchaser withdrawing - Liability under Nuclear Installation Act 1965 - Damages. | ||
| 650 | _aBLUE CIRCLE CEMENT PLC V MOD | ||
| 650 | _aCONTAMINATED LAND | ||
| 650 | _aDAMAGES | ||
| 650 | _aLIABILITY | ||
| 650 | _aNUCLEAR INSTALLATION ACT 1965 | ||
| 650 | _aPOLLUTION | ||
| 690 | _aPROPERTY LAW AND PRACTICE-CASE LAW | ||
| 942 | _n0 | ||
| 948 | _c25/06/1998 | ||
| 999 |
_c54833 _d54833 |
||